Statistiques concernant Culture Générale - Série 1112

Cliquez ici pour prendre le quiz!

Statistiques générales

  • Ce quiz a été pris 42 fois
  • Le résultat moyen est 6 sur 10

Statistiques - réponses

QuestionRéponse% Correct
Le traité indien de l'art d'aimer, écrit en sanskrit vers le Ve siècle, a pour nom le Kama-...Sutra
88%
Quel astre brillant désigne les danseurs ayant atteint le plus haut degré dans la hiérarchie du ballet de l'Opéra de Paris ?étoile
88%
Quel homonyme du mâle de la biche désigne les personnes dépendant d'un seigneur, dans la société féodale ?serf
83%
Comment appelle-t-on couramment le mâle de l'oie domestique ?jars
73%
Quel nom donne-t-on également à la maladie appelée "paludisme" ?malaria
71%
Dans quelle ville de France se trouve le stade de football surnommé : le "Chaudron vert" ?Saint-Etienne
71%
Comment appelait-on un marais en vieux français (aidez-vous de la question précédente)palud
34%
Quelle espèce d'animal est le "gade" ?poisson
32%
Quel est le nom du troisième fils d'Adam et d'Ève ?Seth
17%
Quel adjectif qualifie une vague océanique très haute ?scélérate
10%

Distribution des résultats

Percentile par nombre de réponses

% des personnes avec chaque résultat

Votre développement - résultats

Vous n’avez pas pris ce quiz